| 000 | 01207nam a22002537a 4500 | ||
|---|---|---|---|
| 005 | 20090722110426.0 | ||
| 008 | 090721t xxu||||| |||| 00| 0 hin d | ||
| 010 | _aHIN-87396 | ||
| 020 |
_a9788178793466 _c350.00 |
||
| 035 | _aHN-59742 | ||
| 037 | _bDBAD / PUB | ||
| 040 |
_adpl _bhn |
||
| 082 | _a613.071 | ||
| 100 | _aउषा गोपाल | ||
| 245 |
_aस्वास्थ्य शिक्षा / _bउषा गोपाल |
||
| 246 |
_bby Usha Gopal _aSwaasthya shikshaa |
||
| 260 |
_aनई दिल्ली _bस्पोर्टस पब्लिकेशन्स _c2008 |
||
| 270 |
_a7/26,ग्राउण्ड फ्लोर, अंसारी रोड, दरियागंज, _bनई दिल्ली _e110002 _k65749511 _l011-23240261 |
||
| 300 |
_a304पृ. _c22सेमी (अजिल्द) |
||
| 650 | _aस्वास्थ्य शिक्षा | ||
| 650 | _aHealth education | ||
| 942 |
_2ddc _cHN _mउषागो _h613.071 |
||
| 999 |
_c28500 _d28500 |
||